|
|
|
|
| LEADER |
00924nam a2200229 a 4500 |
| 001 |
645309 |
| 008 |
090519s1989 sz a b i000 0 eng d |
| 010 |
|
|
|a \\\93205988
|
| 020 |
|
|
|a 9241542519
|
| 040 |
|
|
|a DLC
|c DLC
|
| 082 |
0 |
0 |
|a 613.2/07
|2 20
|
| 245 |
0 |
0 |
|a Nutrition learning packages /
|c Joint WHO/UNICEF Nutrition Support Programme.
|
| 260 |
|
|
|a Geneva :
|b World Health Organization,
|c 1989.
|
| 300 |
|
|
|a vii, 170 p. :
|b ill. ;
|c 30 cm.
|
| 504 |
|
|
|a Includes bibliographical references (p. 23-25).
|
| 541 |
1 |
|
|e 00005788
|
| 650 |
|
0 |
|a Nutrition
|x Study and teaching.
|
| 650 |
|
0 |
|a Children
|x Nutrition
|x Study and teaching.
|
| 710 |
2 |
|
|a Joint WHO/UNICEF Nutrition Support Programme.
|
| 852 |
4 |
|
|a Ayesha Abed Library
|j Generalshelf
|
| 999 |
|
|
|c 873
|d 873
|
| 952 |
|
|
|0 0
|1 0
|2 ddc
|4 0
|6 613_207000000000000_MUT_1989
|7 0
|8 NFIC
|9 812
|a BRACUL
|b BRACUL
|c GEN
|d 2009-05-19
|g 2016.00
|l 1
|o 613.207 MUT
|p 3010005788
|r 2026-02-17
|s 2026-02-01
|t 1
|w 2009-05-19
|y BK
|